000 00380nam a2200145Ia 4500
008 230711s9999||||xx |||||||||||||| ||und||
041 _aENG
082 _a4
_bFO-C
100 _aFoley, James D
245 0 _aComputer graphices : principles and practices
250 _a1st Ed.
260 _c1994
_aNew Delhi
_bOxford University Press
650 _aComputer Engineering
942 _cBK
999 _c3097
_d3097